William Shatner TV shows and Movies Quiz Stats

Quiz not verified by Sporcle

Challenge
Share
Tweet
Score 0/11 Timer 04:00
0 Plays Today
% Correct
Star Trek: The Original Series
99%
Boston Legal
80%
T.J. Hooker
78.1%
Miss Congeniality 2: Armed and Fabulous
69.5%
Over the Hedge
49.5%
Airplane 2: The Sequel
48.6%
Rescue 911
32.4%
TekWar
26.7%
Shoot or be Shot
14.3%
Range 15
13.3%
A Sunday Horse
12.4%

You're not logged in!

Compare scores with friends on all Sporcle quizzes.
Sign Up with Email
OR
Log In

You Might Also Like...

Show Comments

Extras

Top Quizzes Today


Score Distribution

Your Account Isn't Verified!

In order to create a playlist on Sporcle, you need to verify the email address you used during registration. Go to your Sporcle Settings to finish the process.